<?xml version="1.0" encoding="UTF-8"?><?xml-stylesheet type="text/xsl" href="static/style.xsl"?><OAI-PMH xmlns="http://www.openarchives.org/OAI/2.0/" xmlns:xsi="http://www.w3.org/2001/XMLSchema-instance" xsi:schemaLocation="http://www.openarchives.org/OAI/2.0/ http://www.openarchives.org/OAI/2.0/OAI-PMH.xsd"><responseDate>2026-06-02T02:15:53Z</responseDate><request verb="GetRecord" identifier="oai:riuma.uma.es:10630/3645" metadataPrefix="marc">https://riuma.uma.es/rest/oai/request</request><GetRecord><record><header><identifier>oai:riuma.uma.es:10630/3645</identifier><datestamp>2026-02-03T12:48:40Z</datestamp><setSpec>com_10630_27</setSpec><setSpec>com_10630_3139</setSpec><setSpec>com_10630_10</setSpec><setSpec>col_10630_554</setSpec></header><metadata><record xmlns="http://www.loc.gov/MARC21/slim" xmlns:dcterms="http://purl.org/dc/terms/" xmlns:doc="http://www.lyncode.com/xoai" xmlns:xsi="http://www.w3.org/2001/XMLSchema-instance" xsi:schemaLocation="http://www.loc.gov/MARC21/slim http://www.loc.gov/standards/marcxml/schema/MARC21slim.xsd">
   <leader>00925njm 22002777a 4500</leader>
   <datafield ind2=" " ind1=" " tag="042">
      <subfield code="a">dc</subfield>
   </datafield>
   <datafield ind2=" " ind1=" " tag="720">
      <subfield code="a">Egea, José María</subfield>
      <subfield code="e">author</subfield>
   </datafield>
   <datafield ind2=" " ind1=" " tag="720">
      <subfield code="a">Llimona, Xavier</subfield>
      <subfield code="e">author</subfield>
   </datafield>
   <datafield ind2=" " ind1=" " tag="260">
      <subfield code="c">1982</subfield>
   </datafield>
   <datafield ind2=" " ind1=" " tag="520">
      <subfield code="a">Study of the lichen flora and vegetation of the eastern end of the Sierra de Cartagena (SE of Spain). These abrupt and dry hills of more or less consistent schists give shelter to a lichen flora rich in thermophilic species (xeromacaronesis species). Some of them find here their northern limit: Acarospora charidema, Rhizocarpon lusitanicum, Ramalina bourgeana, R. clementeana, Dimelaena radiata.Some communities have been recognized: Xantorietum resendei diploicietosum subas. nov. and Acarosporetum charidemi, on sunny surfaces, Pertusarietum-gallicae, on shady surfaces, a Com. of Dirina schistosa and Roccella phycopsis, on overhangs, and a Com. of Solenopso ra holophaea, on tender, shady and eutrophic schists. A cathalogus of the 61 species found contains morphologic, microscopic, iconographic and ecologic information about a good deal of them.</subfield>
   </datafield>
   <datafield ind2=" " ind1=" " tag="520">
      <subfield code="a">L'étude porte sur un allignement de collines schisteuses arides et abruptes, qui surplombent la mer et représentent l'extrémité orientale de la Sierra de Cartagena (SE de l'Espagne). L'intérêt lichénologique de la région découle de ce qu'il s'agit de l'affleurement siliceux non volcanique le plus septentrional de notre côte, qui abrite encore une riche flore thermophile, que nous appelons xéromacaronésique, car bien représentée dans la partie aride de ces îles: Cap Vert, Canaries, Salvagem, Madère, ainsi que sur les côtes continentales prochaines. Parmi celles-ci, Acarospora charidema, Rhizocarpon lusitanicum, Ramalina bourgea na, R. clementeana, Dimelaena radiata, trouvent ici leur limite nord.Plusieurs associations ont été reconnues: Xanthorietum resendei diploicietosum subas. nov., et Acarosporetum charidemi, aux adrets, Pertusarietum gallicae aux hubacs, en plus d'une communité à Dirina schistosa et Roccellafucoides, des surplombs, et d'une seconde à Solenopsoraholophacea, des shistes tendres, ombragés et riches en nitrates. Le catalogue des 61 espèces recontrées contient des précisions morphologiques, microscopiques et écologiques, ainsi qu'une contribution iconographique.</subfield>
   </datafield>
   <datafield ind1="8" ind2=" " tag="024">
      <subfield code="a">02109506</subfield>
   </datafield>
   <datafield ind1="8" ind2=" " tag="024">
      <subfield code="a">http://hdl.handle.net/10630/3645</subfield>
   </datafield>
   <datafield ind2="0" ind1="0" tag="245">
      <subfield code="a">Los líquenes silicícolas de la Sierra del Cabo de Palos; estudio florístico fitosociológico y ecológico</subfield>
   </datafield>
</record>
</metadata></record></GetRecord></OAI-PMH>